000 00551nam a22002057a 4500
003 Nust
005 20211217114535.0
008 170119b xxu||||| |||| 00| 0 eng d
020 _a0878493689
038 _akhadija
040 _cc
082 _a671.7
_bSUR
100 _aYang, Shengqiang
_986822
245 _aSurface Finishing Technology and Surface Engineering /
_cShengqiang Yang, Shichun Yang and Hang Gao
260 _aSwitzerland :
_bTTP,
_c2008.
300 _a433 p. ;
_c24 cm.
500 _apaperback.
563 _aPB
942 _cBK
_2ddc
999 _c32158
_d32158